Online
Catalog

Poesía mía que estás en los cielos / (Record no. 4713)

MARC details
000 -CABECERA
campo de control de longitud fija 00699cam a2200217 a 4500
001 - NÚMERO DE CONTROL
campo de control 000004907
005 - FECHA Y HORA DE LA ÚLTIMA TRANSACCIÓN
campo de control 20200929151529.0
008 - DATOS DE LONGITUD FIJA--INFORMACIÓN GENERAL
campo de control de longitud fija 911231s1991 pn 001 p spa
040 ## - FUENTE DE LA CATALOGACIÓN
Centro catalogador/agencia de origen DO-SdBNP
Lengua de catalogación spa
Centro/agencia transcriptor BNPHU
082 ## - NÚMERO DE LA CLASIFICACIÓN DECIMAL DEWEY
Número de clasificación P861.44
Número de documento/Ítem Y68p
100 1# - ENTRADA PRINCIPAL--NOMBRE DE PERSONA
Nombre de persona Young Nuñez, Cesar,
Fechas asociadas al nombre 1934-
9 (RLIN) 14189
245 10 - MENCIÓN DE TÍTULO
Título Poesía mía que estás en los cielos /
Mención de responsabilidad, etc. Cesar Young Nuñez.
260 ## - PUBLICACIÓN, DISTRIBUCIÓN, ETC.
Lugar de publicación, distribución, etc. Panamá :
Nombre del editor, distribuidor, etc. Instituto Nacional de Cultura :
-- Mariano Arosemena,
Fecha de publicación, distribución, etc. 1991.
300 ## - DESCRIPCIÓN FÍSICA
Extensión 44 p. ;
Dimensiones 21 cm.
490 1# - MENCIÓN DE SERIE
Mención de serie Multiple
650 #4 - PUNTO DE ACCESO ADICIONAL DE MATERIA--TÉRMINO DE MATERIA
Término de materia o nombre geográfico como elemento de entrada Poesía panameña
9 (RLIN) 4260
650 #4 - PUNTO DE ACCESO ADICIONAL DE MATERIA--TÉRMINO DE MATERIA
Término de materia o nombre geográfico como elemento de entrada Literatura panameña
9 (RLIN) 4261
650 #4 - PUNTO DE ACCESO ADICIONAL DE MATERIA--TÉRMINO DE MATERIA
Término de materia o nombre geográfico como elemento de entrada Virgen del carmen
Subdivisión general Poesía
9 (RLIN) 14190
650 #4 - PUNTO DE ACCESO ADICIONAL DE MATERIA--TÉRMINO DE MATERIA
Término de materia o nombre geográfico como elemento de entrada Santos
Subdivisión general Poesía
9 (RLIN) 14191
830 #0 - PUNTO DE ACCESO ADICIONAL DE SERIE-TÍTULO UNIFORME
Título uniforme Multiple
9 (RLIN) 14192
Holdings
Estado de retiro Estado de pérdida Restricciones de uso No para préstamo Código de colección Localización permanente Ubicación/localización actual Ubicación en estantería Fecha de adquisición Número de inventario Total de préstamos Signatura topográfica completa Código de barras Fecha visto por última vez Precio válido a partir de Tipo de ítem Koha
    Préstamo interno   Monografías: Libros y Folletos General General En catalogación 27.07.2009 LF1   P861.44 Y68p 4907-10 25.06.2020 25.06.2020 Préstamo interno

Powered by Koha